书目信息 |
| 题名: |
西方绘画大师经典作品
|
|
| 作者: | 杨参军 主编 ;李文东 编著 | |
| 分册: | 伦勃朗 | |
| 出版信息: | 济南 山东美术出版社 2009.01 |
|
| 页数: | 120页 | |
| 开本: | 31cm | |
| 丛书名: | ||
| 单 册: | ||
| 中图分类: | J231 , J233(563) | |
| 科图分类: | ||
| 主题词: | 绘画--世界--画册 , 油画--荷兰--近代--画册 , 绘画 , 油画 | |
| 电子资源: | ||
| ISBN: | 978-7-5330-2543-4 | |
| 000 | 00898nam0 2200289 45 | |
| 001 | 1138425906 | |
| 005 | 20110419103648.82 | |
| 010 | @a978-7-5330-2543-4@dCNY49.00 | |
| 100 | @a20110409d2009 em y0chiy0110 ea | |
| 101 | 0 | @achi |
| 102 | @aCN@b370000 | |
| 105 | @aa z 000yy | |
| 106 | @ar | |
| 200 | 1 | @a西方绘画大师经典作品@AXi Fang Hui Hua Da Shi Jing Dian Zuo Pin@i伦勃朗@ILun Bo Lang@f杨参军主编@FYang Can Jun Zhu Bian@g李文东编著 |
| 210 | @a济南@c山东美术出版社@d2009.01 | |
| 215 | @a120页@c图@d31cm | |
| 330 | @a本书主要讲述了优秀的绘画作品,形象生动。 | |
| 606 | 0 | @a绘画@y世界@j画册 |
| 606 | 0 | @a油画@y荷兰@z近代@j画册 |
| 606 | 0 | @a绘画 |
| 606 | 0 | @a油画 |
| 690 | @aJ231@v4 | |
| 690 | @aJ233(563)@v4 | |
| 701 | 0 | @a杨参军@AYang Can Jun@f(1958~)@4主编 |
| 702 | 0 | @a李文东@ALi Wen Dong@f(1973~)@4编著 |
| 801 | 0 | @aCN@bTANGWEI@c20110419 |
| 905 | @b0535557@dJ231@e84@f1 | |
| 西方绘画大师经典作品.伦勃朗/杨参军主编/李文东编著.-济南:山东美术出版社,2009.01 |
| 120页:图;31cm |
| ISBN 978-7-5330-2543-4:CNY49.00 |
| 本书主要讲述了优秀的绘画作品,形象生动。 |
| ● |
| 相关链接 |
|
|
|
|
正题名:西方绘画大师经典作品
索取号:J231/84
 
预约/预借
| 序号 | 登录号 | 条形码 | 馆藏地/架位号 | 状态 | 备注 |
| 1 | 0535557 | 205355578 | 第一样本阅览室/ [索取号:J231/84] | 在馆 |